CLINICAL GYNAECOLOGIC ENDOCRINOLOGY & INFARTILITY / (Record no. 794636)

MARC details
000 -LEADER
fixed length control field 00434pam a2200169 a 4500
020 ## - INTERNATIONAL STANDARD BOOK NUMBER
International Standard Book Number 0781767245
Terms of availability
041 ## - LANGUAGE CODE
Language code of original
082 ## - DEWEY DECIMAL CLASSIFICATION NUMBER
Classification number 618.1
Item number SPE
100 ## - MAIN ENTRY--PERSONAL NAME
Personal name SPEROFF, L .
245 ## - TITLE STATEMENT
Title CLINICAL GYNAECOLOGIC ENDOCRINOLOGY & INFARTILITY /
Medium Textual Documents
250 ## - EDITION STATEMENT
Edition statement 7 ED.
260 ## - PUBLICATION, DISTRIBUTION, ETC.
Place of publication, distribution, etc. [s.l]:
Name of publisher, distributor, etc. LIPPINCOTT WILLIAMS & WILKINS , ,
Date of publication, distribution, etc. 2005.
300 ## - PHYSICAL DESCRIPTION
Extent 1334 ; :.
650 ## - SUBJECT ADDED ENTRY--TOPICAL TERM
Topical term or geographic name entry element OBST.GYNE
700 ## - ADDED ENTRY--PERSONAL NAME
Personal name FRITZ, M .
930 ## - EQUIVALENCE OR CROSS-REFERENCE-UNIFORM TITLE HEADING [LOCAL, CANADA]
Uniform title 97
Holdings
Withdrawn status Lost status Damaged status Not for loan Collection Home library Current library Date acquired Source of acquisition Cost, normal purchase price Total Checkouts Full call number Barcode Date last seen Copy number Price effective from Koha item type Date due Date last checked out
          Medical College & Hospital, Sangli Medical College & Hospital, Sangli 27/05/2005 NATIONAL BOOK DEPOT. 5082.00   618.1 SPE MCS-0546 26/07/2023 6 26/07/2023 Book    
          Medical College & Hospital, Sangli Medical College & Hospital, Sangli 27/05/2005 NATIONAL BOOK DEPOT. 5082.00   618.1 SPE MCS-0545 26/07/2023 5 26/07/2023 Book    
          Medical College & Hospital, Sangli Medical College & Hospital, Sangli 27/05/2005 NATIONAL BOOK DEPOT. 5082.00   618.1 SPE MCS-0544 26/07/2023 4 26/07/2023 Book    
          Medical College & Hospital, Sangli Medical College & Hospital, Sangli 27/05/2005 NATIONAL BOOK DEPOT. 5082.00 1 618.1 SPE MCS-0543 10/11/2023 3 26/07/2023 Book 31/12/2050 10/11/2023
          Medical College & Hospital, Sangli Medical College & Hospital, Sangli 27/05/2005 NATIONAL BOOK DEPOT. 5082.00   618.1 SPE MCS-0542 26/07/2023 2 26/07/2023 Book    
          Medical College & Hospital, Sangli Medical College & Hospital, Sangli 27/05/2005 NATIONAL BOOK DEPOT. 5082.00   618.1 SPE MCS-0541 26/07/2023 1 26/07/2023 Book